Top 10 yards leaders QB/RB/WR 2020-2021 through week 7 - Statistics

General Stats
  • This quiz has been taken 20 times
  • The average score is 14 of 33
Answer Stats
Hint Answer % Correct
6. 1,910 Tom Brady
100%
7. 1,899 Patrick Mahomes
93%
4.506 Ronald Jones II
86%
1.663 Derrick Henry
71%
4. 2,020 Josh Allen
71%
8. 1,890 Russell Wilson
71%
1. 704 DeAndre Hopkins
57%
3. 2,023 Joe Burrow
57%
9. 1,856 Dak Prescott
50%
5.489 Dalvin Cook
50%
2. 2,095 Deshaun Watson
50%
7. 481 James Robinson
50%
1. 2,181 Matt Ryan
50%
2. 640 Robby Anderson
50%
9. 458 Ezekiel Elliott
36%
10. 451 James Conner
36%
4. 603 Stefon Diggs
36%
5. 1,930 Teddy Bridgewater
36%
6. 485 Todd Gurley
36%
3. 615 Calvin Ridley
29%
7. 567 D.J. Moore
29%
10. 1,855 Gardner Minshew
29%
8. 463 Kareem Hunt
29%
3.512 Kenyan Drake
29%
5. 583 Amari Cooper
21%
2.551 Clyde Edwards-Helaire
21%
10. 519 D.K. Metcalf
21%
8. 542 Tyler Lockett
21%
9. 537 Justin Jefferson
14%
Passing (Type yards)>>> Yards
14%
Rushing(Type Yards)>>> Yards
14%
Receiving(Type Yards)>>> Yards
14%
6. 577 Terry McLaurin
7%
No matching quizzes found
Score Distribution
Percent of People with Each Score
Percentile by Number Answered
Your Score History
You have not taken this quiz